Normal view
MARC view
- Vasilescu, Gabriel
Entry Personal Name
001 - CONTROL NUMBER
- control field: 62508
003 - CONTROL NUMBER IDENTIFIER
- control field: NUST
005 - DATE AND TIME OF LATEST TRANSACTION
- control field: 20210628202941.0
008 - FIXED-LENGTH DATA ELEMENTS
- fixed length control field: 210628|| aca||aabn | a|a d
040 ## - CATALOGING SOURCE
- Original cataloging agency: NUST
- Transcribing agency: NUST
100 ## - HEADING--PERSONAL NAME
- Personal name: Vasilescu, Gabriel
670 ## - SOURCE DATA FOUND
- Source citation: Work cat.: (NUST): Vasilescu, Gabriel, Electric noise and interfering signals prinicples and applications, 2005
